| 000 | 02254 a2200349 4500 | ||
|---|---|---|---|
| 001 | 200422451 | ||
| 999 |
_c200422451 _d39480 |
||
| 003 | TR-AnTOB | ||
| 005 | 20200612183225.0 | ||
| 008 | 150714s2012 xxk 001 0 | ||
| 020 | _a9783527326471 | ||
| 040 |
_aTR-AnTOB _beng _erda |
||
| 041 | _aeng | ||
| 050 | 4 |
_aTK7871.9 _b.O743o 2012 |
|
| 090 | _aTK7871.9 .O743o 2012 | ||
| 245 | 0 | 0 |
_aOrganic electronics : _bmore materials and applications / _cedited by Hagen Klauk. |
| 264 | 1 |
_a©2012 _b |
|
| 264 | 1 |
_aWeinheim : _bWiley-VCH, _c2012. |
|
| 300 |
_axvii, 420 pages : _billustrations ; _c25 cm. |
||
| 336 |
_atext _btxt _2rdacontent |
||
| 337 |
_aunmediated _bn _2rdamedia |
||
| 338 |
_avolume _bnc _2rdacarrier |
||
| 504 | _aIncludes bibliographical references and index. | ||
| 505 | 0 | _aOrganic semiconductor materials for transistors / David Ian James [and six others] -- Characterization of order and orientation in semiconducting polymers / Dean M. DeLongchamp, R. Joseph Kline -- Charge transport theories in organic semiconductors / Rodrigo Noriega, Alberto Salleo -- Silylethyne-substituted acenes and heteroacenes / John E. Anthony, Adolphus G. Jones -- Conjugated semiconductors for organic n-channel transistors and complementary circuits / Antonio Facchetti -- Low-voltage electrolyte-gated OTFTs and their applications / Yu Xia, C. Daniel Frisbie -- Printing techniques for thin-film electronics / Vivek Subramanian [and five others.] -- Picoliter subfemtoliter ink-jet technologies for organic transistors / Tsuyoshi Sekitani, Takao Someya -- Ink-jet printing of downscaled organic electronic devices / Mario Caironi, Enrico Gili, Henning Sirringhaus -- Interplay between processing, structure, and electronic properties in soluble small-molecule organic semiconductors / Oana D. Jurchescu [and five others.] -- Light-emitting organic transistors / Jana Zaumseil -- Design methodologies for organic RFID tags and sensor readout on foil / Kris Myny [and twelve others]. | |
| 650 | 0 |
_aOrganic field-effect transistors _9107705 |
|
| 650 | 0 |
_aOrganic thin films _9107706 |
|
| 650 | 0 |
_aThin film transistors _9107737 |
|
| 650 | 0 |
_aOrganic electronics _9107434 |
|
| 700 | 1 |
_aKlauk, Hagen _eeditor. _9107433 |
|
| 942 | _cBK | ||